| 000 | 00671nam a22002057a 4500 | ||
|---|---|---|---|
| 003 | OSt | ||
| 005 | 20151016133001.0 | ||
| 008 | 130603s2009 sp ||||| |||| 00| 0 cat d | ||
| 020 | _a9788439380092 | ||
| 040 | _cCDMR | ||
| 245 | 4 | _aLes fonts informatives en el periodisme de proximitat | |
| 490 |
_aLexikon. Papers _v5 |
||
| 586 | _aPremi de Recerca Premsa Comarcal 2007 | ||
| 650 | 0 | 4 |
_91693 _aPremsa comarcal _zCatalunya |
| 650 | 0 | 4 |
_92803 _aMitjans de comunicació de massa locals _zCatalunya |
| 700 | 1 |
_9357 _aLópez, Manuel _d1949- _edir. |
|
| 710 | 1 |
_91064 _aCatalunya _b -- Generalitat |
|
| 710 | 2 |
_93633 _aAssociació Catalana de la Premsa Comarcal |
|
| 942 |
_2udc _cMON |
||
| 999 |
_c6387 _d6387 |
||